Top 50 Most Visited Tourist Attractions in the World - Statistics

General Stats
  • This quiz has been taken 193 times
  • The average score is 5 of 50
Answer Stats
Hint Answer % Correct
38 Eiffel Tower
97%
27 The Louvre
40%
28 The Great Wall of China
38%
41 Disneyland/Hong Kong
32%
16 Disneyland/Paris
32%
12 Disneyland/Tokyo
32%
2 Times Square
26%
5 Niagara Falls
21%
31 Sydney Opera House
21%
4 Colloseum
19%
3 Central Park
17%
10 Forbidden City
14%
48 Universal Studios/Hollywood
14%
44 Universal Studios/Orlando
14%
24 Universal Studios/Osaka
14%
40 The British Museum
11%
1 Las Vegas Strip
10%
45 Lincoln Memorial
9%
8 Disneyworld’s Magic Kingdom
7%
22 Disney's Animal Kingdom
6%
17 Epcot
6%
23 Disney’s Hollywood Studios
4%
46 Metropolitan Museum of Art
3%
13 Notre Dame Cathedral
3%
49 The Palace of Versailles
3%
36 Victoria Peak
3%
15 Disneysea
2%
14 Golden Gate Park
2%
6 Grand Central Terminal
2%
33 Islands of Adventure
2%
26 Navy Pier
2%
47 Bourbon Street
1%
34 Disneyland California Adventure
1%
9 Disneyland Park
1%
39 Everland
1%
7 Faneuil Hall Marketplace
1%
11 Grand Bazaar
1%
25 Great Smoky Mountains
1%
43 Lake Mead
1%
42 Lotte World
1%
50 Nagashima Spa Land
1%
37 National Air & Space Museum
1%
32 National Museum of Natural History
1%
35 Ocean Park
1%
30 Pier 39
1%
20 Pike Place Market
1%
18 Sacre Coeur Basilica
1%
29 South Street Seaport
1%
21 The Zocalo
1%
19 Tsim Sha Tsui Waterfront
1%
No matching quizzes found
Score Distribution
Percent of People with Each Score
Percentile by Number Answered
Your Score History
You have not taken this quiz